| 000 | 02381nam a2200277 a 4500 | ||
|---|---|---|---|
| 001 | 000048323 | ||
| 003 | DO-SdBNP | ||
| 005 | 20230508090653.0 | ||
| 008 | 190128s2017 dr 000 0 spa d | ||
| 020 | _a9789945894639 | ||
| 040 |
_aDO-SdBNP _bspa _cBPMSU |
||
| 082 |
_aR920.72 _bM953p 2017 _222 |
||
| 245 | 1 | 4 |
_aLas mujeres y la patria / _ccompiladora Eleanor Grilmaldi Silié. |
| 260 |
_aSanto Domingo : _bAcademia de Ciencias de la República Dominicana, _c2017. |
||
| 300 |
_a96 p. : _bil., retrs. ; _c23 cm. |
||
| 490 | 0 |
_aPublicaciones de la Ademia de Ciencias de la República Dominicana; _aConferencias |
|
| 504 | _aBibliografía: p. 95-96 | ||
| 505 | 0 | _a• Presentación -- 11 • Introducción -- 15 • Las mujeres… y la patria -- 17 • Diego Colón -- 31 • Mujeres en la independencia -- 35 • Concepción Bona -- 36 • Josefa Antonia Pérez de la Paz -- 38 • Otras mujeres febreristas -- 40 • María Trinidad Sánchez (1794-1845) -- 40 • Mujeres de la familia Duarte -- 43 • Manuela Diez y Rosa Duarte -- 43 • María de las Angustias Villa (1814/1898) -- 47 • Filomena Joaquina Gómez Grateró, viuda de la Cova -- 48 • Froilana Febles -- 49 • María de Jesús Pina -- 50 • Rosa Bastardo de Guillermo -- 51 • María Baltazara de los Reyes -- 52 • Josefa Perdomo y Heredia -- 54 • Ana Valverde -- 54 • Juana de la Merced Trinidad. Juana Saltitopa conocida como la Coronela -- 57 • Petronila Gau -- 58 • María Rosa Montás de Duvergé -- 60 • Socorro Sánchez -- 62 • La mujer en la vida republicana. Su educación -- 67 • La mujer en la ocupación norteamericana -- 67 • Algunas mujeres lucharon dentro del país y desde el exterior durante la ocupación norteamericana de 1916 -- 68 • Mujeres y oposición durante la dictadura de Rafael Trujillo -- 72 • Evangelina Rodríguez Perozo -- 74 • Las mujeres en abril -- 75 • Hilda Gautreau -- 75 • Yolanda Guzmán -- 76 • Emma Tavárez Justo -- 76 • Piky Lora -- 77 • Aniana Vargas -- 78 • Bibliografía -- 95 | |
| 590 | _aInventariado, 2021/VM | ||
| 650 | 4 |
_aMujeres en la historia _zRepública Dominicana _v _2 |
|
| 651 | 4 |
_aRepública Dominicana _xHistoria |
|
| 700 | 1 |
_aGrimaldi Silié, Eleanor _d1948- _ecompiladora |
|
| 710 | 2 | _aAcademia de Ciencias de la República Dominicana | |
| 910 | _aVMateo V. Control de calidad (BPMSU) | ||
| 942 |
_2ddc _cBK |
||
| 999 |
_c13907 _d13907 |
||